000 00588nam a22001937a 4500
003 OSt
005 20140311163045.0
008 140113b xxu||||| |||| 00| 0 eng d
020 _a9780750654326
050 _aHF 6161.T63
_b.M823 2003
100 _aMorgan, Nigel.
_930674
245 _aAdvertising in tourism and leisure /
_cNigel Morgan and Annette Pritchard.
260 _aOxford :
_bButterworth Heinemann,
_c2001.
300 _a345 p. :
_c24 cm.
650 _aAdvertising
_xTourism
_930675
650 _aAdvertising
_xTourist trade
_930676
942 _2lcc
_cBK
_kFOR
999 _c39816
_d39816